The handy buddhism GK book / (Record no. 134658)
[ view plain ]
| 000 -LEADER | |
|---|---|
| fixed length control field | 00699nam a22002297a 4500 |
| 005 - DATE AND TIME OF LATEST TRANSACTION | |
| control field | 20170124110231.0 |
| 010 ## - LIBRARY OF CONGRESS CONTROL NUMBER | |
| LC control number | B-228440 |
| 020 ## - INTERNATIONAL STANDARD BOOK NUMBER | |
| Terms of availability | 75.00 |
| International Standard Book Number | 9798179924524 |
| 035 ## - SYSTEM CONTROL NUMBER | |
| System control number | B-228440 |
| 037 ## - SOURCE OF ACQUISITION | |
| Source of stock number/acquisition | Cen Lib/Ret |
| 040 ## - CATALOGING SOURCE | |
| Original cataloging agency | DPL |
| Language of cataloging | EN |
| 082 ## - DEWEY DECIMAL CLASSIFICATION NUMBER | |
| Classification number | 250 |
| Item number | REN |
| 100 ## - MAIN ENTRY--PERSONAL NAME | |
| Personal name | Renard, John |
| 9 (RLIN) | 1882 |
| 245 ## - TITLE STATEMENT | |
| Title | The handy buddhism GK book / |
| Statement of responsibility, etc | by John Renard |
| 260 ## - PUBLICATION, DISTRIBUTION, ETC. (IMPRINT) | |
| Place of publication, distribution, etc | Mumbai |
| Name of publisher, distributor, etc | Jaico Publishing House |
| Date of publication, distribution, etc | 2005 |
| 270 ## - ADDRESS | |
| City | Mumbai |
| Postal code | 400 023 |
| Address | 121 Mahatama Gandhi Road |
| 300 ## - PHYSICAL DESCRIPTION | |
| Extent | 67p. : |
| Dimensions | 23cm(pbk) |
| Other physical details | ill. |
| 500 ## - GENERAL NOTE | |
| General note | Includes bibliographical references<br/> |
| 650 ## - SUBJECT ADDED ENTRY--TOPICAL TERM | |
| Topical term or geographic name as entry element | Religious -- beliefs |
| 9 (RLIN) | 41331 |
| 650 ## - SUBJECT ADDED ENTRY--TOPICAL TERM | |
| Topical term or geographic name as entry element | Customs and rituals |
| 9 (RLIN) | 41332 |
| 942 ## - ADDED ENTRY ELEMENTS (KOHA) | |
| Source of classification or shelving scheme | Dewey Decimal Classification |
| Koha item type | English Books |
| Classification part | 250 |
| Call number suffix | REN |
| Withdrawn status | Lost status | Damaged status | Not for loan | Home library | Current library | Date acquired | Source of acquisition | Cost, normal purchase price | Total Checkouts | Total Renewals | Full call number | Barcode | Date last seen | Date checked out | Copy number | Cost, replacement price | Price effective from | Koha item type |
|---|---|---|---|---|---|---|---|---|---|---|---|---|---|---|---|---|---|---|
| Central Library | Central Library | 30/07/2015 | Cen Lib/Ret | 75.00 | 6 | 4 | 250 REN | B-228440 | 21/11/2025 | 16/10/2025 | 1 | 75.00 | 30/07/2015 | English Books |
